| 000 | 00921nam a2200229 a 4500 | ||
|---|---|---|---|
| 001 | 40012 | ||
| 003 | BD-RjUL | ||
| 005 | 20211209053122.0 | ||
| 008 | 160421s1965 bg ||||| |||| 00| 0 ben d | ||
| 020 | _c: PRs 3.25 | ||
| 035 | _a(BD-RjUL)40126 | ||
| 040 |
_aBD-RjUL _bben _cBD-RjUL |
||
| 041 | _aben | ||
| 082 |
_223 _a398.2095492 _bDHA 1965 |
||
| 245 | 0 | 0 |
_aঢাকার লোক-কাহিনী / _cমোহাম্মদ মনিরুজ্জামান সম্পাদিত |
| 260 |
_aঢাকা : _bবাংলা একাডেমী, _c১৯৬৫ |
||
| 300 |
_a[১৪], ১৭৪ পৃ. ; _c২১ সেমি |
||
| 650 |
_aলোকসাহিত্য _zবাংলাদেশ _9120908 |
||
| 650 |
_aFolk Literature _zBangladesh _9120909 |
||
| 700 |
_aমনিরুজ্জামান, মোহাম্মদ সম্পাদক _9123234 |
||
| 942 |
_2ddc _cBK |
||
| 999 |
_c40012 _d40012 |
||